Biographisch-bibliographisches Kirchenlexikon.

Saved in:
Bibliographic Details
Main Author: Bautz, Friedrich Wilhelm.
Other Authors: Bautz, Traugott.
Format: Book
Language:German
Published: Hamm [Westf.], Bautz, 1970-<2016>
Subjects:
Tags: Add Tag
No Tags, Be the first to tag this record!
LEADER 04608cam a22009011 4500
001 001237982-4
005 20170926120202.0
008 920316m19709999gw be 001 0cger
010 |a  72303871  
015 |a GDB71-A23-16  |q (Lfg. 1) 
016 7 |a 551781246  |2 DE-101 
020 |a 9783883094526 (v. 29) 
020 |a 3883094528 (v. 29) 
020 |a 9783883094786 (v. 30) 
020 |a 3883094781 (v. 30) 
020 |z 9783883096903 (v. 33) 
020 |a 9783883097664 (v. 34) 
020 |a 3883097667 (v. 34) 
020 |a 9783883098821 (v. 35) 
020 |a 3883098825 (v. 35) 
020 |a 9783883099200 (v. 36) 
020 |a 3883099201 (v. 36) 
020 |a 9783959481427 (v. 37) 
020 |a 395948142X (v. 37) 
020 |a 9783959482592 (v. 38) 
020 |a 3883096903 
020 |a 9783883096902 
020 |a 3883090867 
020 |a 9783883090863 
020 |a 3883090409 
020 |a 9783883090405 
035 0 |a ocm00291776 
040 |a DLC  |b eng  |c DLC  |d CLU  |d OHX  |d NLGGC  |d BHA  |d BNM  |d GEBAY  |d VA@  |d XII  |d PAU  |d CGU  |d SYB  |d OCLCF  |d NDD  |d ZCU  |d DTM  |d PTS  |d OCLCO 
050 0 0 |a BR1700.2  |b .B38 
072 7 |a BR  |2 lcco 
082 0 0 |a 270.092/2  |a B  |2 22 
084 |a 11.50  |2 bcl 
100 1 |a Bautz, Friedrich Wilhelm. 
245 1 0 |a Biographisch-bibliographisches Kirchenlexikon.  |c Bearb. u. hrsg. von Friedrich Wilhelm Bautz. 
260 |a Hamm [Westf.],  |b Bautz,  |c 1970-<2016> 
300 |a v. <3-37>  |c 26-27 cm. +  |e indexes 
336 |a text  |b txt  |2 rdacontent 
337 |a unmediated  |b n  |2 rdamedia 
338 |a volume  |b nc  |2 rdacarrier 
500 |a Vols. 3, 8-<37> "fortgeführt von Traugott Bautz." 
500 |a Vols. <34-37> published in Nordhausen. 
500 |a Cumulative name index included with each volume, v. 20-<37> 
500 |a Some vols. issued in fascicles. 
500 |a "Vorläufiges Abkürzungsverzeichnis zum Biographisch-bibliographischen Kirchenlexikon" published as suppl. (16 p.) and inserted at end of Lfg. 1. 
588 |a Description based on: Lfg. 1. 
500 |a Errata slip laid in v. 29. 
505 1 |a 3. Bd. Jedin, Hubert bis Kleinschmidt, Beda -- 4. Bd. Kleist, Heinrich von bis Leyden, Lucas von. -- 5. Bd. Leyden, Nikolaus bis Mönch, Antonius. -- 6. Bd. Moenius, Georg bis Patijn, Constantijn Leopold. -- 7. Bd. Patočka, Jan bis Remachus. -- 8. Bd. Rembrandt bis Scharbel. -- 9. Bd. Scharling, Carl Henrik bis Sheldon, Charles Monroe. -- 10. Bd. Shelkov, Vladimir Andreyevich bis Stoss, Andreas -- 11. Bd. Stoss, Veit bis Tieffenthaler, Joseph -- 12. Bd. Tibboniden bis Volpe, Giovannio Antonio -- 13. Bd. Voltaire, François bis Wolfram von Eschenbach -- 14. Bd. Wolfram von Eschenbach bis Zygomalas, Theodorios. Ergänzungen I -- 15. Bd. Ergänzungen II -- 16. Bd. Ergänzungen III -- 17. Bd. Ergänzungen IV -- 18. Bd. Ergänzungen V -- 19. Bd. Ergänzungen VI -- 20. Bd. Ergänzungen VII -- 21. Bd. Ergänzungen VIII -- 22. Bd. Ergänzungen XI -- 23. Bd. Ergänzungen X -- 24. Bd. Ergänzungen XI -- 25. Bd. Ergänzungen XII -- 26. Bd. Ergänzungen XIII -- 27. Bd. Ergänzungen XIV -- 28. Bd. Ergänzungen XV -- 29. Bd. Ergänzungen XVI -- 30. Bd. Ergänzungen XVII -- 31. Bd. Ergänzungen XVIII -- 32. Bd. Ergänzungen XIX -- -- 33. Bd. Ergänzungen XX -- 34. Bd. Ergänzungen XXI -- 35. Bd. Ergänzungen XXII -- 36. Bd. Ergänzungen XXIII -- 37. Bd. Ergänzungen XXIV -- 38 Bd. Eräganzen XXV -- 
530 |a Alphabetical register also available in electronic form. 
650 7 |a Historische Persönlichkeit.  |2 gnd  |0 (DE-588)4025111-1 
650 7 |a Christ.  |2 gnd  |0 (DE-588)4010071-6 
650 0 |a Christian biography. 
650 0 |a Theology  |v Bio-bibliography. 
650 7 |a Teología  |v Bibliografías.  |2 embne 
650 7 |a Christian biography.  |2 fast  |0 (OCoLC)fst00858936 
650 7 |a Theology.  |2 fast  |0 (OCoLC)fst01149559 
650 1 7 |a Theologen.  |2 gtt 
650 1 7 |a Christendom.  |2 gtt 
650 0 7 |a Christin.  |2 swd 
655 7 |a Bio-bibliography.  |2 fast  |0 (OCoLC)fst01423685 
700 1 |a Bautz, Traugott. 
776 0 8 |i Online version:  |a Bautz, Friedrich Wilhelm.  |t Biographisch-bibliographisches Kirchenlexikon.  |d Hamm [Westf.], Bautz, 1970-<2009>  |w (OCoLC)595789441 
776 0 8 |i Online version:  |a Bautz, Friedrich Wilhelm.  |t Biographisch-bibliographisches Kirchenlexikon.  |d Hamm [Westf.], Bautz, 1970-<2009>  |w (OCoLC)607214162 
899 |a 415_565960 
899 |a 415_565358 
899 |a 245_444968 
899 |a 415_565552 
899 |a 245_444962 
899 |a 415_566010 
899 |a 415_566011 
899 |a 415_565655 
899 |a 415_565471 
988 |a 20030121 
906 |0 DLC